| 000 | 00586nam a2200205 a 4500 | ||
|---|---|---|---|
| 001 | 57263 | ||
| 003 | BD-RjUL | ||
| 005 | 20211209080505.0 | ||
| 008 | 161207s1912 enk 000 0 | ||
| 035 | _a(BD-RjUL)57387 | ||
| 040 |
_aBD-RjUL _beng _cBD-RjUL _dBD-RjUL |
||
| 041 | _aeng | ||
| 082 |
_223 _a230 _bSPM 1912 |
||
| 100 | 1 |
_aSpencer, Frederick A. M. _9170050 |
|
| 245 | 1 | 4 |
_aThe meaning of Christianity / _cFrederick A. M. Spencer |
| 260 |
_aLondon : _bT. Fisher unwin, _c1912 |
||
| 300 |
_a420 p. ; _c21 cm. |
||
| 650 |
_aTheology _xChristian doctrine _9170051 |
||
| 942 |
_2ddc _cBK |
||
| 999 |
_c57263 _d57263 |
||